| 000 | 00425nam a2200181Ia 4500 | ||
|---|---|---|---|
| 005 | 20240823063057.0 | ||
| 008 | 240823s9999||||xx |||||||||||||| ||und|| | ||
| 041 | _aENGLISH | ||
| 082 | _A621.3028 N3 | ||
| 100 | _aRajput R K | ||
| 245 | 0 | _aElectrical Engineering Materials | |
| 250 | _a1st | ||
| 260 |
_c1993 _b"Laxmi,New Delhi" |
||
| 500 | _aYES | ||
| 650 |
_aElectrical _bElectrical |
||
| 942 | _cBK | ||
| 999 |
_c237394 _d237394 |
||